000 01174nam a2200373Ia 4500
003 OSt
005 20250225101901.0
008 210716s2011 xx 000 0 und d
020 _a9788132204152
040 _cAIMIT LIBRARY
041 _aeng
082 _a005.7402
_21st
_bBERJ
100 _aBeresniewicz, John.
_9202468
245 _aExpert pl sql practices :
_bfor oracle developers and DBAs /
_cBy John Berensniewicz ...[et.al.].
250 _a1st ed.
260 _aNew Delhi :
_bSpringer ,
_c2011.
300 _axxii,490 p.;
_bPB
_c25.1 cm.
650 _aSQL
_9202469
700 _aBillington, Adrian
_9202470
700 _aBuchi, Martin.
_9202471
700 _aCaffrey, Melanie.
_9202472
700 _aCrisco, Ron.
_9202473
700 _aCunningham, Lewis.
_9202474
700 _aDelmolino, Dominic.
_9202475
700 _aHarper,Sue.
_9202476
700 _aHolm,Torben.
_9202477
700 _aMcDonald, Connor.
_9202478
700 _aNanda, Arup.
_9202479
700 _aPetit, Stephan.
_9202480
700 _aRosenblum, Michael.
_9202481
700 _aSands, Robyn.
_9202482
700 _aShamsudeen, Riyaj.
_9202483
942 _2ddc
_cBK
_k005.7402 BERJ
999 _c193409
_d193409